000 00846nam a2200253Ia 4500
003 OSt
005 20220923224842.0
006 a|||||r|||| 00| 0
007 ta
008 220922b |||||||| |||| 00| 0 hin d
024 _a252,337
037 _cTextual
040 _aARTS
_cARTS
_bhin
041 _2hin
_ahin
082 _aO152,2N25x, K4
100 _aलक्ष्मीनारायण लाल
_9157025
245 0 _aनाटक बहुरूपी
246 _aNāṭak bahurūpī
260 _aदिल्ली
_b भारतीय ज्ञानपीठ प्रकाशन
_c1964
300 _a278पृ.
_ccm.
650 _aहिन्दी साहित्य
_9156264
942 _hO152,2N25x, K4
_cTEXL
_2CC
999 _c374126
_d374126